书目信息 |
| 题名: |
于春玲品牌思维课
|
|
| 作者: | 于春玲 著 | |
| 分册: | ||
| 出版信息: | 北京 机械工业出版社 2021.06 |
|
| 页数: | XXIV, 236页 | |
| 开本: | 23cm | |
| 丛书名: | ||
| 单 册: | ||
| 中图分类: | F272.3 | |
| 科图分类: | ||
| 主题词: | 企业管理--qi ye guan li--品牌战略--研究 | |
| 电子资源: | ||
| ISBN: | 978-7-111-68223-3 | |
| 000 | 01392nam0 2200289 450 | |
| 001 | 202021194772 | |
| 005 | 20211025120147.0 | |
| 010 | @a978-7-111-68223-3@dCNY79.00 | |
| 100 | @a20211005d2021 em y0chiy50 ea | |
| 101 | 0 | @achi |
| 102 | @aCN@b110000 | |
| 105 | @aa a 000yy | |
| 106 | @ar | |
| 200 | 1 | @a于春玲品牌思维课@Ayu chun ling pin pai si wei ke@e用品牌树打造持久竞争优势@d= Yu Chunling on branding@euse brand free of create sustainable competitive advantage@f于春玲著@zeng |
| 210 | @a北京@c机械工业出版社@d2021.06 | |
| 215 | @aXXIV, 236页@c图@d23cm | |
| 300 | @a华章经管 | |
| 314 | @a于春玲, 管理学博士、清华大学经济管理学院市场营销系副教授。 | |
| 320 | @a有书目 (第234-236页) | |
| 330 | @a本书讲述了面对同质化竞争、挑剔的顾客和不确定的环境, 管理者们亟需解决三个难题: “如何努力比竞争对手做得更好”“如何让目标顾客觉得企业做得好”“如何建立和保持持久的核心竞争优势”。本书基于作者过去15年持续深入的案例研究成果, 为管理者提供系统的品牌管理思维和落地工具, 帮助企业解答上述三个难题。 | |
| 510 | 1 | @aYu Chunling on branding@euse brand free of create sustainable competitive advantage@zeng |
| 517 | 1 | @a用品牌树打造持久竞争优势@Ayong pin pai shu da zao chi jiu jing zheng you shi |
| 606 | 0 | @a企业管理@Aqi ye guan li@x品牌战略@x研究 |
| 690 | @aF272.3@v5 | |
| 701 | 0 | @a于春玲@Ayu chun ling@4著 |
| 801 | 0 | @aCN@c20210909 |
| 905 | @a河南城建学院图书馆@dF272.3@eY701 | |
| 于春玲品牌思维课:用品牌树打造持久竞争优势= Yu Chunling on branding:use brand free of create sustainable competitive advantage/于春玲著.-北京:机械工业出版社,2021.06 |
| XXIV, 236页:图;23cm |
| 华章经管 |
| ISBN 978-7-111-68223-3:CNY79.00 |
| 本书讲述了面对同质化竞争、挑剔的顾客和不确定的环境, 管理者们亟需解决三个难题: “如何努力比竞争对手做得更好”“如何让目标顾客觉得企业做得好”“如何建立和保持持久的核心竞争优势”。本书基于作者过去15年持续深入的案例研究成果, 为管理者提供系统的品牌管理思维和落地工具, 帮助企业解答上述三个难题。 |
| ● |
| 相关链接 |
|
|
|
正题名:于春玲品牌思维课
索取号:F272.3/Y701
 
预约/预借
| 序号 | 登录号 | 条形码 | 馆藏地/架位号 | 状态 | 备注 |
| 1 | 1544071 | 215440716 | 社科库409/409社科库 88排1列2层/ [索取号:F272.3/Y701] | 在馆 | |
| 2 | 1544072 | 215440725 | 社科库409/409社科库 88排1列2层/ [索取号:F272.3/Y701] | 在馆 |